Una reflexión introductoria sobre la naturaleza de la actual crisis global y los límites del capitalismo /

La actual crisis económica mundial puede ciertamente caracterizarse como una de carácter sistémico y global que pone en jaque no solo al sistema económico, sino, al sistema de vida. En este ensayo se apoya la tesis de una crisis sistémica global, pero sin dejar de advertir que los fundamentos del ca...

Fuld beskrivelse

Guardado en:
Bibliografiske detaljer
Hovedforfatter: Mora Jiménez, Henry
Format: Texto
Fag:
Tags: Tilføj Tag
Ingen Tags, Vær først til at tagge denne postø!

MARC

LEADER 00000 a a2200000 04500
001 42259
003
040
100 |a Mora Jiménez, Henry  
245 |a Una reflexión introductoria sobre la naturaleza de la actual crisis global y los límites del capitalismo /  |c Henry Mora Jiménez  
520 |a La actual crisis económica mundial puede ciertamente caracterizarse como una de carácter sistémico y global que pone en jaque no solo al sistema económico, sino, al sistema de vida. En este ensayo se apoya la tesis de una crisis sistémica global, pero sin dejar de advertir que los fundamentos del capitalismo también estan mostrando sus límites históricos.  
590 |a RRH/MARZO2012  
650 |a CRISIS  
650 |a CAPITALISMO  
650 |a ECONOMIA  
650 |a SOCIEDAD  
773 |g volumen26, número2 (2009), páginas 45-53  
999 |c 20309  |d 20309